Variaciones sociolingüísticas del castellano en el Perú

Guardat en:
Dades bibliogràfiques
Autor principal: Escobar, Alberto (Autor)
Format: Llibre
Idioma:espanyol
Publicat: Lima Instituto de Estudios Peruanos 1978
Edició:1a. ed
Col·lecció:Perú Problema, 18
Matèries:
Etiquetes: Afegir etiqueta
Sense etiquetes, Sigues el primer a etiquetar aquest registre!

MARC

LEADER 00000nam a2200000 a 4500
001 UCH0265
003 CL-VaPUC
008 090227e19780000PE |||||||||||||||||spa|d
082 0 4 |a 467.85  |b ESC  |2 21 
100 0 |a Escobar, Alberto  |e author  |9 534451 
245 1 0 |a Variaciones sociolingüísticas del castellano en el Perú 
250 |a 1a. ed 
300 |a 179 p 
942 |c BK 
945 |d 20090227 00:00:00  |a cmena 
260 |a Lima  |b Instituto de Estudios Peruanos  |c 1978 
650 0 |a Idioma español  |9 309143 
650 0 |a Sociolingüística  |9 263716 
650 0 |a Investigación lingüística  |9 329785 
650 7 |a DIALECTOS  |2 CL-VaPUC  |9 348323 
651 0 |a Perú  |9 256567 
583 |a last modification  |c 20130104 11:35:48  |k Rodrigo Vera 
490 0 |a Perú Problema, 18 
999 |c 332603  |d 332601 
952 |0 0  |1 0  |4 0  |6 467_850000000000000_ESC_1978  |7 0  |8 A  |9 420451  |a FDOPOS  |b FDOPOS  |d 2019-11-22  |i 451663K  |o 467.85 ESC 1978  |p 451663K  |r 2025-01-22  |w 2019-11-22  |y BK  |k MLA